Zweiter Weltkrieg - Statistiken

Allgemein
  • Dieses Quiz wurde 683 mal gespielt
    657 seit der letzten Aktualisierung
  • Das Durchschnittsergebnis liegt bei 14 aus 20
Antwortstatistiken
Frage Antwort % Korrekt
Wann endete der Weltkrieg? (Jahr) 1945
100%
Wann begann der Zweite Weltkrieg? (Jahr) 1939
99%
Deutscher Führer? Adolf Hitler
97%
Das erste Land was erobert wurde? Polen
95%
Das neutrale Land in Europa? Schweiz
95%
Russischer Diktator zur Zeit? Josef Stalin
94%
Deutschlands Verbündeter im Pazifik ? Japan
92%
Die Partei die Deutschland regierte? NSDAP
92%
Deutschlands wichtigster Verbündete? Italien
87%
Wie starb der Führer? Selbstmord
83%
Ehefrau vom Führer? Eva Braun
78%
Nachwuchsorganisation vom Führer? Hitlerjugend
73%
Das Land mit den meisten Toten? Sowjetunion
73%
Italienischer Diktator zur Zeit des Weltkrieges? Benito Mussolini
70%
Wie hieß St. Petersburg zur zeit ? Leningrad
50%
In welcher Deutschen Stadt war das Treffen der Siegermächte ? Potsdam
33%
Name vom Vertrag zwischen Deutschland und der UdSSR? Nichtangriffspakt
21%
Wann starb der Führer? (Datum) 30.4.1945
11%
Deutschlands Kapitulation am? (Datum) 7.5.1945
9%
Deutschlands Bezeichnungen für schnelle Eroberungen? Blitzsiege
2%
Keine übereinstimmenden Quizze gefunden
Verteilung der Resultate
Anzahl Personen mit jedem Resultat
Perzentil nach korrekt beantworteten Fragen
Ihre Resultats-Entwicklung
Sie haben dieses Quiz seit der letzten Aktualisierung nicht gespielt